Nimeä valtio, josta maa itsenäistyi - Statistics

Yleistilastot
  • Tätä visaa on pelattu 104 kertaa
  • Keskiarvotulos 13 / 20
Vastaustilastot
Vuosi Itsenäistynyt valtio Maa, josta itsenäistyi % Oikein
1922 Vatikaani Italia
91%
1825 Brasilia Portugali
91%
1821 Meksiko Espanja
86%
1931 Irlanti Iso-Britannia
86%
2011 Etelä-Sudan Sudan
80%
1918 Islanti Tanska
79%
1992 Bosnia ja Hertsegovina Jugoslavia
78%
1911 Mongolia Kiinan tasavalta
78%
2008 Kosovo Serbia
73%
1991 Moldova Neuvostoliitto
69%
1962 Algeria Ranska
63%
1898 Filippiinit Espanja
58%
2002 Itä-Timor Indonesia
58%
1975 Angola Portugali
50%
1912 Albania Osmanien valtakunta
47%
1945 Indonesia Alankomaat
45%
1948 Myanmar Iso-Britannia
41%
1903 Panama Kolumbia
41%
1990 Namibia Etelä-Afrikka
38%
1944 Syyria Vichyn Ranska
30%
Ehtoja vastaavia visoja ei löytynyt
Tulosjakauma
Jokaisen tuloksen saaneiden osuus
Persentiili vastausten määrän mukaan
Tuloshistoriasi
Et ole pelannut tätä visaa